Full Tracklist- Man on the Moon: The Legend of Mr. Rager - Statistics

General Stats
  • This quiz has been taken 2 times
  • The average score is 5 of 18
Answer Stats
Hint Answer % Correct
5 Marijuana
100%
12( Mr. Rager
100%
2 REVOFEV
100%
3(ft. Mary J. Blige) Don't Play This Song
50%
8(ft. Kanye West) Erase Me
50%
16 Ghost!
50%
1(ft. Cee-Lo) Scott Mescudi vs the World
50%
15 All Along
0%
7 Ashin' Kusher
0%
11(ft. Cage & St. Vincent MANIAC
0%
18 Maybe
0%
6 Mojo So Dope
0%
14((ft. GLC,Chip tha Ripper & Nicole Wray) The End
0%
10 The Mood
0%
13(ft. Mary J. Blige) These Worries
0%
17 Trapped in My Mind
0%
4 We Aite(Wake Your Mind Up)
0%
9 Wild'n Cuz I'm Young
0%
No matching quizzes found
Score Distribution
Percent of People with Each Score
Percentile by Number Answered
Your Score History
You have not taken this quiz